Statistieken voor Landen die grenzen aan Zwitserland

Klik hier om de quiz te nemen!

Algemene statistieken

  • Deze quiz is 35 keer genomen
  • De gemiddelde score is 5 van 5

Antwoordstatistieken

LengteLand% Correct
346 kmDuitsland
100%
572 kmFrankrijk
100%
734 kmItalië
100%
165 kmOostenrijk
97%
41 kmLiechtenstein
94%

Scoreverdeling

Percentiel versus Aantal Correcte Antwoorden

Procent van Mensen met Elke Score

Uw Scoregeschiedenis

U heeft deze quiz nog niet genomen